Fall Out Boy-Infinity on High songs - Statistics

General Stats
  • This quiz has been taken 243 times
    228 since last reset
  • The average score is 9 of 14
Answer Stats
Hint Answer % Correct
thnks fr th mmrs
82%
thriller
79%
hum hallelujah
73%
this ain't a scene it's an arms race
73%
golden
72%
bang the doldrums
69%
the take over the breaks over
66%
fame infamy
59%
the carpal tunnel of love
57%
dont you know who i think i am
55%
you're crashing but you're no wave
55%
the (after) life of the party
54%
i'm like a lawyer with the way i'm always trying to get you off
53%
i've got all this ringing in my ears and none on my fingers
43%
No matching quizzes found
Score Distribution
Percent of People with Each Score
Percentile by Number Answered
Your Score History
You have not taken this quiz since the last reset